| 000 | 00705nam a2200217Ia 4500 | ||
|---|---|---|---|
| 001 | 14164 | ||
| 003 | GE_BSU | ||
| 008 | 181216s||||||||xx |||||||||||||| ||und|| | ||
| 040 | _cGE_BSU | ||
| 080 | _a821-353.1-32 | ||
| 100 | _aლომთათიძე,ჭოლა | ||
| 245 | _aრჩეული თხზულებანი: ორ ტომად. ტ.1 | ||
| 245 | _bტ.1.1901-1910 | ||
| 245 | _cშადგინა:გ.ციციშვილმა | ||
| 260 | _aთბილისი | ||
| 260 | _bსაბჭოთა საქართველო | ||
| 260 | _c1970 | ||
| 300 | _a314გვ.19სმ. | ||
| 653 | _aრჩეული თხზულებანი | ||
| 942 | _cBK | ||
| 999 |
_c47303 _d47303 |
||